000 00383nam a2200145Ia 4500
008 230917s9999||||xx |||||||||||||| ||und||
040 _e64602
_aMAIN
041 _aEnglish
082 _a320.509 M368C
100 _aMarx, Karl
245 0 _aCritique of Hegels philosophy of right
260 _aCambridge
_bCambridge University Press
_c1977
300 _alxvii, 153 p.
942 _cBK
999 _c182540
_d182540